000 00400nam a2200157Ia 4500
008 210716s2008 xx 000 0 und d
020 _a9780070619920
041 _aeng
082 _a153.94 SHAA
100 _aSharma, Arun.
245 _aComplete CAT digest.
250 _a1
260 _aNew Delhi
_bTata McGraw Hill Publishing Company Ltd
_c2008
300 _ax,6.177
650 _aAptitude Test
999 _c189940
_d189940